| 000 | 00358nam a2200145Ia 4500 | ||
|---|---|---|---|
| 005 | 20251222144702.0 | ||
| 008 | 251222s9999||||xx |||||||||||||| ||spa|| | ||
| 020 | _a9789606930799 | ||
| 082 | _a468/L11A1-A2/I | ||
| 100 | _aLa Grassa, Mateo | ||
| 245 | 0 | _aL´italiano all´Università 1: | |
| 250 | _a1ra.ed. | ||
| 264 | _bEdizioni Edilingua | ||
| 942 | _cLIB | ||
| 999 |
_c17470 _d17470 |
||